000 00762nam a2200241 a 4500
003 MX-MxUPN
005 20220923063522.0
008 200206s1979 mx a r 000 0 spa d
020 _a9684260369
035 _aUPN01000235357
040 _aMX-MxUPN
_bspa
_cMX-MxUPN
041 0 _aspa
050 1 4 _aBF683
_bM3.718
100 1 _aMcTeer, Wilson
_943531
240 1 0 _a[The scope of motivation.
_lEspañol]
245 1 3 _aEl ámbito de la motivación :
_bambiental, fisiológica, mental, social /
_cWilson McTeer ; tr. Pedro Rivera Ramírez.
260 _aMéxico, D.F. :
_bEl Manual Moderno,
_c1979.
300 _a303 páginas :
_bilustraciones
490 0 _aSerie PC
650 7 _aMotivación (Psicología)
_2
_95909
905 _aLibro
999 _c207452
_d207452